[Event "Belgrade-chT Quality"]
[Site "Belgrade"]
[Date "2016.10.26"]
[Round "10.6"]
[White "Krstic, Milos M"]
[Black "Radojkovic, Vladica R"]
[Result "1-0"]
[WhiteElo "1971"]
[BlackElo "1960"]
[PlyCount "78"]
[EventDate "2016.10.01"]
[EventType "team-tourn"]
[EventRounds "11"]
[EventCountry "SRB"]
[SourceTitle "EXT 2018"]
[Source "ChessBase"]
[SourceDate "2017.10.13"]
[SourceVersion "1"]
[SourceVersionDate "2017.10.13"]
[SourceQuality "1"]

1. e4 Nc6 2. Nf3 d6 3. d4 Nf6 4. Nc3 g6 5. d5 Nb8 6. Bc4 Bg4 7. h3 Bxf3 8. Qxf3 Bg7 9. Qe2 Nbd7 10. Be3 a6 11. a4 0-0 12. 0-0 Nc5 13. Bxc5 dxc5 14. a5 Nh5 15. e5 Bh6 16. Rfd1 Qc8 17. Ne4 Nf4 18. Qf3 b6 19. d6 exd6 20. exd6 Ne6 21. d7 Qd8 22. axb6 cxb6 23. c3 Bg7 24. Rxa6 Rxa6 25. Bxa6 Nc7 26. Bc8 Ne6 27. Nd6 Qc7 28. Ne8 Qe5 29. Qe3 Nd8 30. Qxe5 Bxe5 31. Re1 Bg7 32. Nd6 h6 33. f4 Bf6 34. Ne8 Bg7 35. g4 b5 36. Nxg7 Kxg7 37. Re5 Ne6 38. f5 Kf6 39. fxe6 fxe6 1-0

[Event "Belgrade-chT Quality"]
[Site "Belgrade"]
[Date "2016.10.25"]
[Round "9.2"]
[White "Dobrijevic, Milan"]
[Black "Radojkovic, Vladica R"]
[Result "1-0"]
[WhiteElo "2253"]
[BlackElo "1960"]
[PlyCount "95"]
[EventDate "2016.10.01"]
[EventType "team-tourn"]
[EventRounds "11"]
[EventCountry "SRB"]
[SourceTitle "EXT 2018"]
[Source "ChessBase"]
[SourceDate "2017.10.13"]
[SourceVersion "1"]
[SourceVersionDate "2017.10.13"]
[SourceQuality "1"]

1. e4 Nc6 2. d4 e5 3. dxe5 Nxe5 4. f4 Ng6 5. Bc4 Bc5 6. Bxf7+ Kxf7 7. Qd5+ Ke8 8. Qxc5 d6 9. Qc4 Qe7 10. Nc3 c6 11. Nge2 Nf6 12. 0-0 Bd7 13. Ng3 Qd8 14. Be3 Ng4 15. Nf5 Bxf5 16. exf5 Ne7 17. Bd4 Kf8 18. h3 Nf6 19. Bxf6 gxf6 20. Qe6 Kg7 21. Rae1 Re8 22. Ne4 Nc8 23. Nc5 Ne7 24. Nd7 Nd5 25. Qxd6 Ne3 26. Rf3 Nxf5 27. Rxe8 Nxd6 28. Rxd8 Rxd8 29. Nc5 Kf7 30. Rd3 Ke7 31. Ra3 Ra8 32. Kf2 b6 33. Re3+ Kf7 34. Ne4 Nf5 35. Rd3 Re8 36. Nd6+ Nxd6 37. Rxd6 Re6 38. Rd7+ Re7 39. Rxe7+ Kxe7 40. g4 Ke6 41. Kf3 Kd5 42. h4 c5 43. h5 Ke6 44. Ke4 f5+ 45. gxf5+ Kf6 46. c4 h6 47. a3 a6 48. a4 1-0

[Event "Belgrade Trophy 29th"]
[Site "Belgrade"]
[Date "2015.11.26"]
[Round "3"]
[White "Siva, Mahadevan"]
[Black "Radojkovic, Vladica R"]
[Result "1-0"]
[WhiteElo "2388"]
[BlackElo "1991"]
[PlyCount "69"]
[EventDate "2015.11.24"]
[EventType "swiss"]
[EventRounds "9"]
[EventCountry "SRB"]
[SourceTitle "CBM 170 Extra"]
[Source "ChessBase"]
[SourceDate "2016.02.25"]
[SourceVersion "1"]
[SourceVersionDate "2016.02.25"]
[SourceQuality "1"]

1. e4 d5 2. exd5 Qxd5 3. Nf3 Nf6 4. c4 Qd6 5. d4 c6 6. Nc3 Bg4 7. Be2 g6 8. 0-0 Bg7 9. Be3 0-0 10. h3 Bxf3 11. Bxf3 Qb4 12. Qd3 Nbd7 13. b3 Rfd8 14. Qc2 e6 15. a3 Qd6 16. b4 a6 17. Rfd1 Rac8 18. Rab1 Qc7 19. a4 b5 20. c5 Nd5 21. Nxd5 exd5 22. Ra1 Nf8 23. Ra3 Ne6 24. Qd2 Ra8 25. Rda1 Qb7 26. R1a2 Re8 27. Be2 Nc7 28. Qc3 h5 29. Qa1 a5 30. axb5 axb4 31. Rxa8 Rxa8 32. b6 Rxa2 33. Qxa2 Ne6 34. Qa7 Nd8 35. Ba6 1-0

[Event "Belgrade Trophy 27th"]
[Site "Obrenovac"]
[Date "2013.11.29"]
[Round "6"]
[White "Lazic, Ljubisa V"]
[Black "Radojkovic, Vladica R"]
[Result "1-0"]
[WhiteElo "2217"]
[BlackElo "2018"]
[PlyCount "127"]
[EventDate "2013.11.24"]
[EventType "swiss"]
[EventRounds "9"]
[EventCountry "SRB"]
[SourceTitle "CBM 157 Extra"]
[Source "ChessBase"]
[SourceDate "2013.12.19"]
[SourceVersion "1"]
[SourceVersionDate "2013.12.19"]
[SourceQuality "1"]

1. d4 Nf6 2. Nf3 g6 3. Bf4 Bg7 4. h3 d6 5. e3 0-0 6. Bc4 Nfd7 7. c3 Nc6 8. 0-0 e5 9. Bg3 Kh8 10. dxe5 Ncxe5 11. Nxe5 Nxe5 12. Bb3 Be6 13. Nd2 Qe7 14. Nf3 Nxf3+ 15. Qxf3 b6 16. Bd5 Bxd5 17. Qxd5 Qe6 18. Qc6 Qe7 19. a4 a5 20. Rad1 Rfd8 21. e4 Qd7 22. Qxd7 Rxd7 23. e5 Rad8 24. exd6 cxd6 25. Rd5 f6 26. Rfd1 Bf8 27. Kf1 Kg8 28. Ke2 Kf7 29. Rb5 Rb7 30. Rdd5 Ke6 31. f4 f5 32. Bf2 Rc8 33. Kd3 Rc6 34. g4 fxg4 35. hxg4 Bg7 36. c4 Bf6 37. Be3 Bd8 38. f5+ Kf7 39. c5 Bc7 40. cxb6 Bxb6 41. Rb3 gxf5 42. Rxf5+ Ke6 43. Rfb5 Rg7 44. Rxb6 Rxb6 45. Bxb6 Rxg4 46. Bd4 Rg3+ 47. Be3 Rg4 48. Ra3 Kd5 49. Ra1 h5 50. b3 Rb4 51. Kc2 Re4 52. Bd2 h4 53. Rh1 Kc5 54. Bxa5 d5 55. Bd2 Rg4 56. Be1 Rg2+ 57. Kd3 d4 58. Rxh4 Rb2 59. b4+ Kc6 60. Rxd4 Ra2 61. b5+ Kb6 62. Bc3 Ra3 63. Kc2 Ra2+ 64. Bb2 1-0

[Event "Belgrade Trophy 27th"]
[Site "Obrenovac"]
[Date "2013.11.24"]
[Round "1"]
[White "Antic, Dejan"]
[Black "Radojkovic, Vladica R"]
[Result "1-0"]
[WhiteElo "2465"]
[BlackElo "2018"]
[PlyCount "69"]
[EventDate "2013.11.24"]
[EventType "swiss"]
[EventRounds "9"]
[EventCountry "SRB"]
[SourceTitle "CBM 157 Extra"]
[Source "ChessBase"]
[SourceDate "2013.12.19"]
[SourceVersion "1"]
[SourceVersionDate "2013.12.19"]
[SourceQuality "1"]

1. d4 d6 2. Nf3 g6 3. e4 Bg7 4. c4 Bg4 5. Be2 Nd7 6. Nc3 c5 7. d5 Ngf6 8. 0-0 0-0 9. Be3 Nb6 10. Ng5 Bxe2 11. Qxe2 h6 12. Nh3 Qd7 13. a4 a5 14. e5 Nh7 15. f4 Rac8 16. Nf2 h5 17. Nd3 Qf5 18. b3 Nd7 19. h3 h4 20. Rae1 Rfd8 21. Bf2 g5 22. Ne4 Qg6 23. f5 Qh6 24. f6 exf6 25. Nxd6 fxe5 26. Nxc8 Rxc8 27. Qg4 Nhf6 28. Qf5 Qh7 29. Rxe5 Qxf5 30. Rxf5 Ne4 31. Re1 Ndf6 32. Re5 Nxf2 33. Nxf2 Bh6 34. Ng4 Kg7 35. Re7 1-0

[Event "Belgrade City-chT"]
[Site "Belgrade"]
[Date "2013.11.12"]
[Round "8"]
[White "Radojkovic, Vladica R"]
[Black "Milutinovic, Milan"]
[Result "0-1"]
[WhiteElo "2018"]
[BlackElo "2078"]
[PlyCount "83"]
[EventDate "2013.10.26"]
[EventType "team-tourn"]
[EventRounds "11"]
[EventCountry "SRB"]
[SourceTitle "EXT 2015"]
[Source "ChessBase"]
[SourceDate "2014.11.20"]
[SourceVersion "1"]
[SourceVersionDate "2014.11.20"]
[SourceQuality "1"]

1. d4 d5 2. Bg5 Nf6 3. Nd2 e6 4. e3 Be7 5. Bd3 Nc6 6. Ngf3 Nd7 7. Bf4 f5 8. Bb5 0-0 9. Bxc6 bxc6 10. c3 Ba6 11. h4 Bd6 12. Ng5 Qe7 13. Bxd6 cxd6 14. Ndf3 Nf6 15. Qc2 Ne4 16. 0-0-0 Bc8 17. Rdg1 Nf6 18. g4 Ne4 19. gxf5 exf5 20. Rg2 Kh8 21. Rhg1 Rg8 22. Nxe4 dxe4 23. Ng5 Be6 24. a3 Bc4 25. Qd1 Rab8 26. Nxh7 g6 27. Ng5 Rb3 28. h5 Rgb8 29. f3 d5 30. hxg6 Bd3 31. Rh1+ Kg8 32. Rh7 Rxc3+ 33. Kd2 Rxb2+ 34. Ke1 Rxg2 35. Rxe7 Rxg5 36. Kd2 Rc2+ 37. Qxc2 Rg2+ 38. Ke1 Rxc2 39. fxe4 fxe4 40. Rxa7 Re2+ 41. Kd1 Rxe3 42. Rc7 0-1

[Event "Belgrade-chT Quality"]
[Site "Belgrade"]
[Date "2011.10.22"]
[Round "3"]
[White "Prazic, T Petar"]
[Black "Radojkovic, Vladica R"]
[Result "1-0"]
[WhiteElo "2037"]
[BlackElo "2005"]
[PlyCount "61"]
[EventDate "2011.10.15"]
[EventType "team-swiss"]
[EventRounds "11"]
[EventCountry "SRB"]
[SourceTitle "EXT 2012"]
[Source "ChessBase"]
[SourceDate "2011.11.24"]
[SourceVersion "1"]
[SourceVersionDate "2011.11.24"]
[SourceQuality "1"]

1. d4 g6 2. Nf3 d6 3. h3 Bg7 4. Bf4 c5 5. c3 cxd4 6. cxd4 Qb6 7. b3 Nc6 8. e3 Bf5 9. Nbd2 Nf6 10. g4 Be4 11. Nxe4 Nxe4 12. Bd3 Qb4+ 13. Kf1 Nf6 14. a3 Qb6 15. Kg2 0-0 16. b4 Nd5 17. Bg3 a6 18. Rc1 e5 19. Be4 Nde7 20. dxe5 dxe5 21. Qb3 Rad8 22. Rc5 a5 23. Nxe5 axb4 24. Nxc6 bxc6 25. axb4 Rd2 26. Rb1 Ra8 27. Qc4 Raa2 28. b5 Nd5 29. Bxd5 cxd5 30. Rc8+ Bf8 31. Qb4 1-0

[Event "Belgrade-ch"]
[Site "Belgrade"]
[Date "2010.01.26"]
[Round "4"]
[White "Stamatovic, Aleksandar"]
[Black "Radojkovic, Vladica R"]
[Result "1-0"]
[WhiteElo "2207"]
[BlackElo "1990"]
[PlyCount "115"]
[EventDate "2010.01.23"]
[EventType "swiss"]
[EventRounds "9"]
[EventCountry "YUG"]
[SourceTitle "CBM 134 Extra"]
[Source "ChessBase"]
[SourceDate "2010.03.03"]
[SourceVersion "1"]
[SourceVersionDate "2010.03.03"]
[SourceQuality "1"]

1. e4 g6 2. d4 Bg7 3. Nc3 d6 4. Be3 a6 5. Qd2 b5 6. a4 b4 7. Nd1 a5 8. c3 bxc3 9. bxc3 c6 10. Rb1 Ba6 11. Be2 Nf6 12. f3 0-0 13. c4 Nbd7 14. Nh3 Qc7 15. 0-0 Rab8 16. Nc3 Rxb1 17. Rxb1 Rb8 18. Qa2 Rb4 19. Rxb4 axb4 20. Nb1 c5 21. Nd2 Nh5 22. g4 cxd4 23. Bf2 d3 24. Bxd3 Nc5 25. Bf1 Nf6 26. Nb3 Nfd7 27. Nf4 e6 28. Nxc5 Nxc5 29. Nd3 b3 30. Qb1 Nxd3 31. Qxd3 b2 32. Qb3 Qb7 33. Qxb7 Bxb7 34. Bd3 Ba6 35. Bb1 Bxc4 36. Bb6 Kf8 37. Kf2 Ke7 38. Ke3 Bh6+ 39. f4 f6 40. h4 e5 41. g5 Bg7 42. fxe5 fxg5 43. hxg5 h5 44. gxh6 Bxh6+ 45. Kd4 Ba6 46. exd6+ Kxd6 47. e5+ Kc6 48. a5 g5 49. Kc3 Bg7 50. Be4+ Kb5 51. Bc7 Bb7 52. Bd3+ Kc5 53. Kc2 Kd5 54. a6 Ba8 55. Bf1 Bxe5 56. Bg2+ Ke6 57. Bxa8 Bxc7 58. Bd5+ 1-0

[Event "Belgrade-ch"]
[Site "Belgrade"]
[Date "2010.01.25"]
[Round "3"]
[White "Radojkovic, Vladica R"]
[Black "Starcevic, Goran"]
[Result "1-0"]
[WhiteElo "1990"]
[BlackElo "2200"]
[PlyCount "59"]
[EventDate "2010.01.23"]
[EventType "swiss"]
[EventRounds "9"]
[EventCountry "YUG"]
[SourceTitle "CBM 134 Extra"]
[Source "ChessBase"]
[SourceDate "2010.03.03"]
[SourceVersion "1"]
[SourceVersionDate "2010.03.03"]
[SourceQuality "1"]

1. d4 Nf6 2. Bg5 e6 3. e4 h6 4. Bxf6 Qxf6 5. c3 c5 6. e5 Qd8 7. f4 cxd4 8. cxd4 Qb6 9. Qd2 Nc6 10. Nf3 d6 11. Nc3 dxe5 12. fxe5 Bd7 13. Bc4 Rd8 14. Qf2 Rc8 15. 0-0 Nxd4 16. Nxd4 Rxc4 17. Qxf7+ Kd8 18. Nce2 Rxd4 19. Nxd4 Qxd4+ 20. Kh1 Qxe5 21. Rae1 Qd6 22. Rd1 Qe7 23. Qg6 Kc8 24. Rf7 Qe8 25. Rc1+ Kb8 26. Rd1 Bc6 27. Qg3+ e5 28. Qxe5+ Bd6 29. Qxd6+ Ka8 30. Rff1 1-0

[Event "Belgrade-ch"]
[Site "Belgrade"]
[Date "2010.01.24"]
[Round "2"]
[White "Ratkovic, Petar"]
[Black "Radojkovic, Vladica R"]
[Result "0-1"]
[WhiteElo "1472"]
[BlackElo "1990"]
[PlyCount "84"]
[EventDate "2010.01.23"]
[EventType "swiss"]
[EventRounds "9"]
[EventCountry "YUG"]
[SourceTitle "CBM 134 Extra"]
[Source "ChessBase"]
[SourceDate "2010.03.03"]
[SourceVersion "1"]
[SourceVersionDate "2010.03.03"]
[SourceQuality "1"]

1. d4 Nf6 2. Nf3 g6 3. c4 Bg7 4. Nc3 d6 5. Bf4 c6 6. e3 Qb6 7. Qc2 0-0 8. Be2 Na6 9. a3 Nc7 10. 0-0 Ne6 11. Bg3 h6 12. Rab1 Bd7 13. Rfd1 Rac8 14. h3 Ng5 15. Nxg5 hxg5 16. Qd2 g4 17. hxg4 Bxg4 18. Bxg4 Nxg4 19. Bh4 Bh6 20. Qe2 f5 21. Re1 Qc7 22. e4 d5 23. e5 e6 24. Nd1 Qh7 25. Bg3 Bg5 26. f4 Bh4 27. Qf3 Rc7 28. Ne3 Qh5 29. Nxg4 fxg4 30. Qf2 g5 31. Bxh4 gxh4 32. g3 hxg3 33. Qxg3 dxc4 34. Rbc1 b5 35. a4 Rcf7 36. Re4 Rh7 37. Ree1 Qf5 38. Rf1 Rh3 39. Qf2 Rf7 40. Rc3 g3 41. Rxg3+ Rxg3+ 42. Qxg3+ Rg7 0-1

[Event "Belgrade Trophy 21st"]
[Site "Obrenovac"]
[Date "2008.11.30"]
[Round "4"]
[White "Radojkovic, Vladica R"]
[Black "Cujic, Ilija"]
[Result "1-0"]
[WhiteElo "2036"]
[BlackElo "1874"]
[PlyCount "71"]
[EventDate "2008.11.27"]
[EventType "swiss"]
[EventRounds "9"]
[EventCountry "YUG"]
[SourceTitle "CBM 127 Extra"]
[Source "ChessBase"]
[SourceDate "2009.01.08"]
[SourceVersion "2"]
[SourceVersionDate "2009.01.28"]
[SourceQuality "1"]

1. d4 d5 2. Bg5 h6 3. Bh4 Nf6 4. Bxf6 exf6 5. e3 Be6 6. Ne2 Bd6 7. g3 c6 8. Bg2 Nd7 9. Nd2 f5 10. 0-0 Nf6 11. Rc1 b5 12. f3 0-0 13. c3 a5 14. Qc2 Rc8 15. e4 fxe4 16. fxe4 Be7 17. e5 Nh7 18. Nf4 Qd7 19. Qd3 Rfd8 20. Qe2 Rc7 21. Qf2 c5 22. Nb3 Rdc8 23. Rcd1 a4 24. Nxc5 Bxc5 25. dxc5 Rxc5 26. h4 g5 27. Nd3 Rc4 28. Nb4 gxh4 29. Nxd5 Bxd5 30. Bxd5 hxg3 31. Qxf7+ Qxf7 32. Bxf7+ Kg7 33. Bxc4 Rxc4 34. Rd4 Rxd4 35. cxd4 h5 36. Kg2 1-0

[Event "Belgrade Trophy 21st"]
[Site "Obrenovac"]
[Date "2008.11.29"]
[Round "3"]
[White "Stankovic, Stanoje"]
[Black "Radojkovic, Vladica R"]
[Result "0-1"]
[WhiteElo "1715"]
[BlackElo "2036"]
[PlyCount "84"]
[EventDate "2008.11.27"]
[EventType "swiss"]
[EventRounds "9"]
[EventCountry "YUG"]
[SourceTitle "CBM 127 Extra"]
[Source "ChessBase"]
[SourceDate "2009.01.08"]
[SourceVersion "2"]
[SourceVersionDate "2009.01.28"]
[SourceQuality "1"]

1. e4 g6 2. d4 Bg7 3. Nf3 c6 4. c4 d5 5. cxd5 cxd5 6. e5 Bg4 7. Be2 Nc6 8. Nc3 e6 9. 0-0 a6 10. Bg5 Qb6 11. Na4 Qa7 12. a3 Bxf3 13. Bxf3 Qxd4 14. Qxd4 Nxd4 15. Bf4 Nxf3+ 16. gxf3 Ne7 17. Nc5 b6 18. Nd3 Nc6 19. Kg2 0-0 20. Rac1 Rac8 21. Rfe1 Nd4 22. Nb4 Rxc1 23. Bxc1 a5 24. Nd3 Rc8 25. f4 Nf5 26. Bd2 Rc2 27. Bc3 d4 28. Rc1 Rxc1 29. Nxc1 dxc3 30. bxc3 Bf8 31. a4 Bc5 32. Nd3 Kf8 33. Kf3 Ke7 34. h3 Kd7 35. Ke4 Kc6 36. c4 Nd4 37. f3 Ne2 38. Ne1 Nc3+ 39. Kd3 Nxa4 40. Kc2 Be3 41. Nd3 Nc5 42. Nxc5 Kxc5 0-1

[Event "Belgrade CupT final"]
[Site "Belgrade"]
[Date "2008.04.09"]
[Round "1"]
[White "Radojkovic, Vladica R"]
[Black "Nedeljkovic, Dragan"]
[Result "1/2-1/2"]
[WhiteElo "2037"]
[BlackElo "2145"]
[PlyCount "71"]
[EventDate "2008.04.09"]
[EventType "team-swiss"]
[EventRounds "5"]
[EventCountry "SRB"]
[SourceTitle "EXT 2023"]
[Source "ChessBase"]
[SourceDate "2022.10.05"]
[SourceVersion "1"]
[SourceVersionDate "2022.10.05"]
[SourceQuality "1"]

1. d4 Nf6 2. Nf3 c5 3. e3 e6 4. Bd3 Be7 5. 0-0 0-0 6. b3 b6 7. Bb2 Bb7 8. Nbd2 d6 9. Qe2 Nbd7 10. Rad1 Qc7 11. c4 h6 12. Bb1 Rfe8 13. Rfe1 Rad8 14. Nf1 Ne4 15. Ng3 Nxg3 16. hxg3 Bf6 17. e4 e5 18. d5 g6 19. Bc1 Bg7 20. g4 Bc8 21. Rd3 Nf8 22. Nh2 Nh7 23. Rg3 Qe7 24. Be3 Ng5 25. Nf3 Bf6 26. Qd2 Kg7 27. Kf1 Rh8 28. Ke2 Nxf3 29. gxf3 Bg5 30. Rh1 Qf6 31. Qb2 Bf4 32. Rg2 Qg5 33. Qc3 a5 34. a4 Rdf8 35. Bc2 Bd7 36. Bd3 1/2-1/2

[Event "Belgrade Spring op"]
[Site "Belgrade"]
[Date "2008.04.02"]
[Round "9"]
[White "Petrovic, Petar"]
[Black "Radojkovic, Vladica R"]
[Result "1-0"]
[WhiteElo "2110"]
[BlackElo "2037"]
[PlyCount "112"]
[EventDate "2008.03.25"]
[EventType "swiss"]
[EventRounds "9"]
[EventCountry "YUG"]
[SourceTitle "CBM 123 Extra"]
[Source "ChessBase"]
[SourceDate "2008.05.06"]
[SourceVersion "1"]
[SourceVersionDate "2008.05.06"]
[SourceQuality "1"]

1. c4 Nf6 2. Nc3 g6 3. g3 Bg7 4. Bg2 d6 5. d4 0-0 6. e4 e5 7. Nge2 Nc6 8. 0-0 a6 9. d5 Na5 10. Qd3 b6 11. h3 Nb7 12. Be3 Nd7 13. b4 f5 14. Qd2 Nf6 15. f3 Nh5 16. Bg5 Bf6 17. Bh6 Bg7 18. exf5 gxf5 19. Bxg7 Nxg7 20. f4 Qf6 21. Rae1 Rb8 22. Kh2 Nd8 23. Nc1 Nf7 24. Nb3 Nh5 25. Bf3 Qg6 26. Rg1 Kh8 27. c5 Rg8 28. Ne2 bxc5 29. bxc5 Nf6 30. Qc3 e4 31. Bg2 Rg7 32. Rgf1 Nxd5 33. Qd4 Be6 34. cxd6 cxd6 35. Qa7 Rc8 36. Nbd4 Ne3 37. Rf2 Ne5 38. Qxa6 Nd3 39. Nxe6 Qxe6 40. Nd4 Qc4 41. Qxc4 Rxc4 42. Rxe3 Nxf2 43. Nxf5 Rd7 44. Re2 Nd1 45. Bxe4 Nc3 46. Rc2 d5 47. Bxd5 Rxd5 48. Ne3 Rdc5 49. Nxc4 Rxc4 50. a4 Kg7 51. a5 Rc7 52. a6 Nb5 53. Rb2 Na7 54. Rb7 Rxb7 55. axb7 Nc6 56. g4 Kg6 1-0

[Event "Belgrade Spring op"]
[Site "Belgrade"]
[Date "2008.04.01"]
[Round "8"]
[White "Radojkovic, Vladica R"]
[Black "Karadarevic, Slobodan"]
[Result "1-0"]
[WhiteElo "2037"]
[BlackElo "1831"]
[PlyCount "55"]
[EventDate "2008.03.25"]
[EventType "swiss"]
[EventRounds "9"]
[EventCountry "YUG"]
[SourceTitle "CBM 123 Extra"]
[Source "ChessBase"]
[SourceDate "2008.05.06"]
[SourceVersion "1"]
[SourceVersionDate "2008.05.06"]
[SourceQuality "1"]

1. d4 f5 2. h3 Nf6 3. g4 d6 4. g5 Nd5 5. Bg2 c6 6. e4 fxe4 7. Bxe4 g6 8. c4 Nb6 9. b3 Bg7 10. h4 Bf5 11. Bxf5 gxf5 12. Qh5+ Kd7 13. Ne2 Qe8 14. Qf3 Rf8 15. Bb2 Na6 16. Nbc3 Nc7 17. 0-0-0 Qf7 18. Nf4 Rae8 19. h5 Kc8 20. g6 hxg6 21. hxg6 Qg8 22. Rh7 Bxd4 23. Rxd4 e5 24. Rxd6 exf4 25. Qxf4 Re6 26. Rd8+ Kxd8 27. Qxc7+ Ke8 28. Qb8+ 1-0

[Event "Belgrade Spring op"]
[Site "Belgrade"]
[Date "2008.03.26"]
[Round "2"]
[White "Radojkovic, Vladica R"]
[Black "Ravic, Nenad"]
[Result "0-1"]
[WhiteElo "2037"]
[BlackElo "2172"]
[PlyCount "48"]
[EventDate "2008.03.25"]
[EventType "swiss"]
[EventRounds "9"]
[EventCountry "YUG"]
[SourceTitle "CBM 123 Extra"]
[Source "ChessBase"]
[SourceDate "2008.05.06"]
[SourceVersion "1"]
[SourceVersionDate "2008.05.06"]
[SourceQuality "1"]

1. d4 d5 2. Nf3 c5 3. c3 e6 4. Bf4 Nf6 5. e3 Qb6 6. Qb3 c4 7. Qc2 Qa5 8. Nbd2 b5 9. Be2 Nc6 10. 0-0 b4 11. Ne5 Nxe5 12. Bxe5 bxc3 13. bxc3 Be7 14. Bf3 Qa6 15. Rfb1 Bd7 16. Qb2 Bc6 17. Qc2 0-0 18. h3 Nd7 19. Bh2 Ba3 20. Qd1 Ba4 21. Qe2 Bc2 22. e4 Bxb1 23. Rxb1 Nb6 24. Nb3 Na4 0-1

[Event "Belgrade Trophy 20th"]
[Site "Belgrade"]
[Date "2007.11.26"]
[Round "5"]
[White "Radojkovic, Vladica R"]
[Black "Zarkovic, Mila"]
[Result "1-0"]
[WhiteElo "2037"]
[BlackElo "1824"]
[PlyCount "85"]
[EventDate "2007.11.22"]
[EventType "swiss"]
[EventRounds "9"]
[EventCountry "YUG"]
[SourceTitle "CBM 121 Extra"]
[Source "ChessBase"]
[SourceDate "2008.01.10"]
[SourceVersion "1"]
[SourceVersionDate "2008.01.10"]
[SourceQuality "1"]

1. d4 Nf6 2. Bg5 Ne4 3. h4 c5 4. dxc5 Qa5+ 5. Nd2 Nxg5 6. hxg5 g6 7. Rh4 Nc6 8. Rc4 Bg7 9. c3 Ne5 10. Nb3 Qb5 11. Rh4 f6 12. Nf3 Nxf3+ 13. exf3 Qc6 14. gxf6 Bxf6 15. Re4 0-0 16. Bc4+ e6 17. Qd3 Bg5 18. Ke2 a6 19. a4 b6 20. cxb6 d5 21. Bxd5 exd5 22. Re5 Rf5 23. Rxf5 Bxf5 24. Qd4 Re8+ 25. Kf1 Re6 26. Nc5 Re8 27. Nxa6 Bd8 28. Nb4 Qxb6 29. Qxb6 Bxb6 30. Nxd5 Bd3+ 31. Kg1 Bd8 32. Nb4 Bc4 33. Nc6 Bc7 34. b4 Ra8 35. a5 Kf8 36. Rd1 Ke8 37. Rd4 Bb5 38. Re4+ Kd7 39. Nd4 Bd3 40. Rh4 h5 41. Nb3 Kc6 42. c4 Bc2 43. Nd4+ 1-0